Westlife songs - Statistics

General Stats
  • This quiz has been taken 139 times
  • The average score is 9 of 16
Answer Stats
Hint Answer % Correct
ML my love
83%
QOMH queen of my heart
77%
UG uptown girl
74%
M mandy
69%
FA fool again
67%
WYLLT when you're looking like that
64%
IILYG if i let you go
61%
YRMU you raise me up
60%
WOOO world of our own
59%
FOW flying without wings
56%
ILMLOY i lay my love on you
56%
SITS seasons in the sun
45%
DYETOM do you ever think of me
29%
S starlight
25%
EOT end of time
24%
MH my hero
15%
No matching quizzes found
Score Distribution
Percent of People with Each Score
Percentile by Number Answered
Your Score History
You have not taken this quiz